| 000 | 00628nab a2200205 ab4500 | ||
|---|---|---|---|
| 005 | 20251110142411.0 | ||
| 008 | 991125d1999 mx qr p 000 spa d | ||
| 003 | |||
| 035 | _aUPN01000075016 | ||
| 040 |
_aMX-MxUPN _bspa _cMX-MxUPN _eaacr |
||
| 100 | 1 | _aPaladini, Luigi | |
| 100 | 1 | _aPasinetti, Laura | |
| 245 | 1 | 3 |
_aEl arte de la divulgación : _b viaje por los libros de divulgación para niños y jovenes |
| 650 | 4 |
_aLibros y lectura para niños _92290 |
|
| 773 |
_gNo. 54 (1999), p. 19-30 _tLibros de México _x0186-2243 |
||
| 902 | _bLeonor Sotres/101125 | ||
| 904 |
_aAC _b012827 |
||
| 905 | _aArticulo | ||
| 942 | _cAI | ||
| 999 |
_c67271 _d67271 |
||